Best Picture: Name a Loser Quiz Stats

 Plays Quiz Updated Oct 18, 2017

Challenge
Share
Tweet
Embed
Score 0/89 Timer 17:00
1 Play Today
Best Picture Losers % Correct
The Broadway MelodyNo you can't! No nominees announced this year.
100%
MoonlightArrival/Fences/Hacksaw Ridge/Hell or High Water/Hidden Figures/La La Land/Lion/Manchester by the Sea
63.5%
The Hurt LockerA Serious Man/An Education/Avatar/District 9/Inglourious Basterds/Precious/The Blind Side/Up/Up in the Air
48.8%
ChicagoGangs of New York/The Hours/The Lord of the Rings: The Two Towers/The Pianist
45.7%
Forrest GumpFour Weddings and a Funeral/Pulp Fiction/Quiz Show/The Shawshank Redemption
45.4%
Dances With WolvesAwakenings/Ghost/The Godfather: Part III/Goodfellas
44.6%
SpotlightThe Revenant/Room/Brooklyn/Bridge of Spies/The Martian/Mad Max: Fury Road/The Big Short
43.3%
Shakespeare in LoveElizabeth/Life Is Beautiful/Saving Private Ryan/The Thin Red Line
43.2%
The King's Speech127 Hours/Black Swan/The Fighter/Inception/The Kids Are All Right/The Social Network/Toy Story 3/True Grit/Winter's Bone
43.1%
A Beautiful MindGosford Park/In the Bedroom/The Lord of the Rings: The Fellowship of the Ring/Moulin Rouge!
41.9%
ArgoAmour/Beasts of the Southern Wild/Django Unchained/Les Misérables/Life of Pi/Lincoln/Silver Linings Playbook/Zero Dark Thirty
41.7%
Annie HallThe Goodbye Girl/Julia/Star Wars/The Turning Point
40.2%
12 Years a SlaveThe Wolf of Wall Street/American Hustle/Nebraska/Captain Phillips/Philomena/Dallas Buyers Club/Gravity/Her
39.1%
Gone With the WindDark Victory/Goodbye, Mr. Chips/Love Affair/Mr. Smith Goes to Washington/Ninotchka/Of Mice and Men/Stagecoach/The Wizard of Oz/Wuthering Heights
38.4%
Birdman or (The Unexpected Virtue of Ignorance)American Sniper/Boyhood/The Imitation Game/The Grand Budapest Hotel/Selma/The Theory of Everything/Whiplash
37.7%
GandhiE.T. the Extra-Terrestrial/Missing/Tootsie/The Verdict
35.4%
No Country For Old MenAtonement/Juno/Michael Clayton/There Will Be Blood
35.1%
How Green Was My ValleyBlossoms in the Dust/Citizen Kane/Here Comes Mr. Jordan/Hold Back the Dawn/The Little Foxes/The Maltese Falcon/One Foot in Heaven/Sergeant York/Suspicion
34.8%
CrashBrokeback Mountain/Capote/Good Night, and Good Luck./Munich
34.4%
The Silence of the LambsBeauty and the Beast/Bugsy/JFK/The Prince of Tides
33.8%
One Flew Over the Cuckoo's NestBarry Lyndon/Dog Day Afternoon/Jaws/Nashville
33.5%
RockyAll the President's Men/Bound for Glory/Network/Taxi Driver
33.5%
TitanicAs Good as It Gets/The Full Monty/Good Will Hunting/L.A. Confidential
32.5%
Chariots of FireAtlantic City/On Golden Pond/Raiders of the Lost Ark/Reds
30.3%
The ArtistThe Tree of Life/The Descendants/Extremely Loud & Incredibly Close/The Help/Hugo/Midnight in Paris/Moneyball/War Horse
30%
BraveheartApollo 13/Babe/Il Postino: The Postman/Sense and Sensibility
29.8%
Ordinary PeopleCoal Miner's Daughter/The Elephant Man/Raging Bull/Tess
29.6%
My Fair LadyBecket/Dr. Strangelove or: How I Learned to Stop Worrying and Love the Bomb/Mary Poppins/Zorba the Greek
28.7%
Kramer Vs. KramerAll That Jazz/Apocalypse Now/Breaking Away/Norma Rae
28.6%
The English PatientFargo/Jerry Maguire/Secrets & Lies/Shine
28%
Best Picture Losers % Correct
In the Heat of the NightBonnie and Clyde/Doctor Dolittle/The Graduate/Guess Who's Coming to Dinner
28%
Driving Miss DaisyBorn on the Fourth of July/Dead Poets Society/Field of Dreams/My Left Foot
27.3%
American BeautyThe Cider House Rules/The Green Mile/The Insider/The Sixth Sense
26.4%
Million Dollar BabyThe Aviator/Finding Neverland/Ray/Sideways
26.2%
Slumdog MillionaireThe Curious Case of Benjamin Button/Frost\Nixon/Milk/The Reader
25.6%
Midnight CowboyAnne of the Thousand Days/Butch Cassidy and the Sundance Kid/Hello, Dolly!/Z
25.6%
Around the World in 80 DaysFriendly Persuasion/Giant/The King and I/The Ten Commandments
25.3%
The Godfather: Part IIChinatown/The Conversation/Lenny/The Towering Inferno
25.2%
The DepartedBabel/Letters From Iwo Jima/Little Miss Sunshine/The Queen
25%
The Lord of the Rings: The Return of the KingLost in Translation/Master and Commander: The Far Side of the World/Mystic River/Seabiscuit
25%
GladiatorChocolat/Crouching Tiger, Hidden Dragon/Erin Brockovich/Traffic
24.7%
UnforgivenThe Crying Game/A Few Good Men/Howards End/Scent of a Woman
24.5%
Out of AfricaThe Color Purple/Kiss of the Spider Woman/Prizzi's Honor/Witness
24.4%
RebeccaAll This, and Heaven Too/Foreign Correspondent/The Grapes of Wrath/The Great Dictator/Kitty Foyle/The Letter/The Long Voyage Home/Our Town/The Philadelphia Story
23.9%
Schindler's ListThe Fugitive/In the Name of the Father/The Piano/The Remains of the Day
23.5%
The Greatest Show on EarthHigh Noon/Ivanhoe/Moulin Rouge/The Quiet Man
22.9%
Oliver!Funny Girl/The Lion in Winter/Rachel, Rachel/Romeo and Juliet
22.9%
The Best Years of Our LivesHenry V/It's a Wonderful Life/The Razor's Edge/The Yearling
22.9%
Lawrence of ArabiaThe Longest Day/The Music Man/Mutiny on the Bounty/To Kill a Mockingbird
22.5%
The GodfatherCabaret/Deliverance/The Emigrants/Sounder
22.4%
The French ConnectionA Clockwork Orange/Fiddler on the Roof/The Last Picture Show/Nicholas and Alexandra
21.8%
The StingAmerican Graffiti/Cries & Whispers/The Exorcist/A Touch of Class
20.1%
An American in ParisDecision Before Dawn/A Place in the Sun/Quo Vadis/A Streetcar Named Desire
19.8%
PlatoonChildren of a Lesser God/Hannah and Her Sisters/The Mission/A Room with a View
19.3%
From Here to EternityJulius Caesar/The Robe/Roman Holiday/Shane
19.2%
PattonAirport/Five Easy Pieces/Love Story/MASH
19.2%
The Great ZiegfeldAnthony Adverse/Dodsworth/Libeled Lady/Mr. Deeds Goes to Town/Romeo and Juliet/San Francisco/The Story of Louis Pasteur/A Tale of Two Cities/Three Smart Girls
18.5%
Tom JonesAmerica America/Cleopatra/How the West Was Won/Lilies of the Field
18.4%
All About EveBorn Yesterday/Father of the Bride/King Solomon's Mines/Sunset Blvd.
18.1%
The Last EmperorBroadcast News/Fatal Attraction/Hope and Glory/Moonstruck
17.6%
Best Picture Losers % Correct
The Bridge on the River KwaiPeyton Place/Sayonara/12 Angry Men/Witness for the Prosecution
17.5%
Mutiny on the BountyAlice Adams/Broadway Melody of 1936/Captain Blood/David Copperfield/The Informer/Les Misérables/The Lives of a Bengal Lancer/A Midsummer Night's Dream/Naughty Marietta/Ruggles of Red Gap/Top Hat
17.3%
It Happened One NightThe Barretts of Wimpole Street/Cleopatra/Flirtation Walk/The Gay Divorcee/Here Comes the Navy/The House of Rothschild/Imitation of Life/One Night of Love/The Thin Man/Viva Villa!/The White Parade
17.2%
The Deer HunterComing Home/Heaven Can Wait/Midnight Express/An Unmarried Woman
16.5%
The Sound of MusicDarling/Doctor Zhivago/Ship of Fools/A Thousand Clowns
16.2%
AmadeusThe Killing Fields/A Passage to India/Places in the Heart/A Soldier's Story
15.5%
West Side StoryFanny/The Guns of Navarone/The Hustler/Judgment at Nuremberg
15.1%
A Man For All SeasonsAlfie/The Russians Are Coming the Russians Are Coming/The Sand Pebbles/Who's Afraid of Virginia Woolf?
15.1%
Terms of EndearmentThe Big Chill/The Dresser/The Right Stuff/Tender Mercies
14.6%
Rain ManThe Accidental Tourist/Dangerous Liaisons/Mississippi Burning/Working Girl
14.5%
HamletJohnny Belinda/The Red Shoes/The Snake Pit/The Treasure of the Sierra Madre
14.3%
Going My WayDouble Indemnity/Gaslight/Since You Went Away/Wilson
14.3%
GigiAuntie Mame/Cat on a Hot Tin Roof/The Defiant Ones/Separate Tables
14.2%
The Life of Emile ZolaThe Awful Truth/Captains Courageous/Dead End/The Good Earth/In Old Chicago/Lost Horizon/One Hundred Men and a Girl/Stage Door/A Star Is Born
13.1%
You Can't Take it With YouThe Adventures of Robin Hood/Alexander's Ragtime Band/Boys Town/The Citadel/Four Daughters/La Grande Illusion/Jezebel/Pygmalion/Test Pilot
13%
Mrs. Miniver49th Parallel/Kings Row/The Magnificent Ambersons/The Pied Piper/The Pride of the Yankees/Random Harvest/The Talk of the Town/Wake Island/Yankee Doodle Dandy
12.7%
The Lost WeekendAnchors Aweigh/The Bells of St. Mary's/Mildred Pierce/Spellbound
12.7%
CasablancaFor Whom the Bell Tolls/Heaven Can Wait/The Human Comedy/In Which We Serve/Madame Curie/The More the Merrier/The Ox-Bow Incident/The Song of Bernadette/Watch on the Rhine
12.4%
Cavalcade42nd Street/A Farewell to Arms/I Am a Fugitive From a Chain Gang/Lady For a Day/Little Women/The Private Life of Henry VIII/She Done Him Wrong/Smilin' Through/State Fair
12.4%
On the WaterfrontThe Caine Mutiny/The Country Girl/Seven Brides for Seven Brothers/Three Coins in the Fountain
11.8%
Gentleman's AgreementThe Bishop's Wife/Crossfire/Great Expectations/Miracle on 34th Street
11.6%
The ApartmentThe Alamo/Elmer Gantry/Sons and Lovers/The Sundowners
10.7%
WingsThe Racket/7th Heaven
10.3%
Ben-HurAnatomy of a Murder/The Diary of Anne Frank/The Nun's Story/Room at the Top
10.1%
All Quiet on the Western FrontThe Big House/Disraeli/The Divorcee/The Love Parade
9.4%
All the King's MenBattleground/The Heiress/A Letter to Three Wives/Twelve O'Clock High
9.3%
MartyLove is a Many-Splendored Thing/Mister Roberts/Picnic/The Rose Tattoo
9.2%
Grand HotelArrowsmith/Bad Girl/The Champ/Five Star Final/One Hour with You/Shanghai Express/The Smiling Lieutenant
8.7%
CimarronEast Lynne/The Front Page/Skippy/Trader Horn
8.5%

You're not logged in!

Compare scores with friends on all Sporcle quizzes.
Join for Free
OR
Log In

You Might Also Like...

Show Comments

Extras

Top Quizzes Today


Score Distribution

Your Account Isn't Verified!

In order to create a playlist on Sporcle, you need to verify the email address you used during registration. Go to your Sporcle Settings to finish the process.

Report this User

Report this user for behavior that violates our Community Guidelines.

Details: